书目信息 |
| 题名: |
半群的模糊理论
|
|
| 作者: | 谢祥云, , 吴明芬 著 | |
| 分册: | ||
| 出版信息: | 北京 科学出版社 2005.6 |
|
| 页数: | 196页 | |
| 开本: | 24cm | |
| 丛书名: | ||
| 单 册: | ||
| 中图分类: | O152.7 | |
| 科图分类: | ||
| 主题词: | 半群--ban qun--模糊集理论 , ? | |
| 电子资源: | ||
| ISBN: | 7-03-014847-9 | |
| 000 | 01014cam0 2200289 450 | |
| 001 | 012005010670 | |
| 005 | 20051124093935.52 | |
| 010 | @a7-03-014847-9@dCNY32.00 | |
| 100 | @a20050716d2005 em y0chiy0121 ea | |
| 101 | 0 | @achi |
| 102 | @aCN@b110000 | |
| 105 | @ay z 000yy | |
| 200 | 1 | @a半群的模糊理论@Aban qun de mo hu li lun@f谢祥云,吴明芬著 |
| 210 | @a北京@c科学出版社@d2005.6 | |
| 215 | @a196页@d24cm | |
| 306 | @a国家自然科学基金项目、广东省自然科学基金项目、广东省教育厅自然科学基金项目、五邑大学专著出版基金资助 | |
| 314 | @a谢祥云(1964-),现任广东省江门市五邑大学数学物理系系主任。著有《半群的模糊理论》。 | |
| 320 | @a有书目(第191-196页) | |
| 330 | @a本书共分7章,介绍了半群的Fuzzy理论和粗糙理论的基础知识及最新研究成果。 | |
| 606 | 0 | @a半群@Aban qun@x模糊集理论 |
| 606 | 0 | @a? |
| 690 | @aO152.7@v4 | |
| 701 | 0 | @a谢祥云,@Axie xiang yun@f1964-@4著 |
| 701 | 0 | @a吴明芬@Awu ming fen@4著 |
| 801 | 0 | @aCN@bSRXX@c20051124 |
| 801 | 2 | @aCN@bSRXX@c20051110 |
| 905 | @a10447@dO152.7@eX470 | |
| 半群的模糊理论/谢祥云,吴明芬著.-北京:科学出版社,2005.6 |
| 196页;24cm |
| ISBN 7-03-014847-9:CNY32.00 |
| 本书共分7章,介绍了半群的Fuzzy理论和粗糙理论的基础知识及最新研究成果。 |
| ● |
| 相关链接 |
|
|
|
正题名:半群的模糊理论
索取号:O152.7/X470
 
预约/预借
| 序号 | 登录号 | 条形码 | 馆藏地/架位号 | 状态 | 备注 |
| 1 | 542883 | 205428839 | 自科库401/401自科库 42排1列3层/ [索取号:O152.7/X470] | 在馆 | |
| 2 | 542884 | 205428848 | 自科库401/401自科库 42排1列3层/ [索取号:O152.7/X470] | 在馆 | |
| 3 | 542885 | 205428857 | 自科库401/401自科库 42排1列3层/ [索取号:O152.7/X470] | 在馆 |